000 00449nam a2200121Ia 4500
008 220216s9999 xx 000 0 und d
100 _aSadeeshbabu P.S.
245 0 _aPollution control systems in latex concentration units
260 _bSeminar on Latex Processing, 1 July 1994, Department of Processing and Product Development, Rubber Board, Kottayam, India, pp. 1-14
_c1994
650 _aCentrifuging
650 _aEffluent treatment
942 _cBS
999 _c52828
_d52828